000
00327nam a22001457a 4500
003
SGT
020
_a
978-93-84765-12-5
082
_a
612.84
_b
I18D
100
_a
GOYAL,M.C
245
_a
BEHAVIARAL SCIENCES PSYCHOLOGY & SOCIOLOGY
260
_a
NEW DELHI
_b
LOYUS
_c
2016
300
_a
208
650
_a
AYURVEDA
942
_2
ddc
_c
BK
999
_c
16819
_d
16819